000 00719nam a2200205Ii 4500
003 JO-AjNU
008 230605s9999||||xx |||||||||||||| ||und||
040 _aJO-AjNU
_bara
_erda
_cJO-AjNU
041 _aara
050 1 4 _aHF5549 .K3292 1990
100 3 _aالكعبي،نعمة شلبية/م.مشارك: مؤيد عبد سعيد السامرائي,
_eauthor
_918988
245 0 0 _aادارة الافراد:مدخل تطبيقي
250 _aط1
264 3 1 _aد.م:د.ن؛1990
300 _a270ص
_bيحتوي على ببلوغرافية من ص264-270ص
336 _atext
_btxt
_2rdacontent
337 _aunmediated
_bn
_2rdamedia
338 _avolume
_bnc
_2rdacarrier
650 4 _aادارة الافراد
_918989
999 _aA6175
_c9743
_d9743